000 00779nam a2200265 a 4500
008
020 _a9781473904569 (pbk.)
049 _aMAIN
090 _aRA971
_bBAR
100 1 _aBarr Jill.
245 1 0 _aLeadership in healthcare /
_cJill Barr and Lesley Dowding.
260 _aLos Angeles:
_bSage,
_cc2016.
300 _ax, 319 p. :
_bill. ;
_c24 cm.
500 _a Includes index.
504 _a Includes bibliographical references.
650 _aHealth personnel
_xorganization and administration.
650 _aMedical personnel.
650 _aLeadership.
700 _aDowding Lesley
907 _a.b10383220
_b22-09-17
_c21-09-17
003
005 20230123122258.0
040 _cNUST
942 _cBOOKS
_kRA971
_mBAR
999 _c130886
_d130886